| 000 | 00818cam a2200205 4500 | ||
|---|---|---|---|
| 001 | B2418 | ||
| 008 | 090401t1988 xxu||||| |||| 00| 0 eng d | ||
| 035 | _a(Sirsi) u49923 | ||
| 041 | _aeng | ||
| 050 |
_a338.181 _c18 |
||
| 110 | _aCentral Association of Agricultural Valuers | ||
| 245 |
_aNorthern group conference, Harrogate 1988 _bmilk quota - which cat gets the cream? |
||
| 260 |
_aRetford _bYorkshire Derbyshire and Notts Association _c1988 |
||
| 300 |
_aca. 50 _fleaves _bill., plans _c30cm. |
||
| 350 | _a15 | ||
| 520 | _aPresents a model case for an arbitration dealing with the apportionment of milk quota between a landlord and a tenant. Includes a mock arbitration award based on the evidence presented. | ||
| 690 | _aENVIRONMENTAL AND LAND CONSULTANCY-AGRIBUSINESS | ||
| 942 | _n0 | ||
| 948 | _c04/03/1997 | ||
| 999 |
_c92621 _d92621 |
||